Ekstraklasa - najdroższe transfery - Statystyki

Ogólne statystyki
  • Ten quiz został rozwiązany 51 razy
  • Średni wynik to 9 z 17
Statystyki odpowiedzi
Pozycja Klub pozyskujący Kwota transferu (w Euro) Piłkarz % Poprawnych
N Legia Warszawa 3,00 mln Mileta Rajović
87%
PS Widzew Łódź 5,50 mln Osman Bukari
76%
ŚO Widzew Łódź 3,10 mln Przemysław Wiśniewski
74%
ŚO Widzew Łódź 2,00 mln Steve Kapuadi
71%
N Raków Częstochowa 1,50 mln Jonatan Braut Brunes
66%
LS Widzew Łódź 1,50 mln Mariusz Fornalczyk
66%
PS Lech Poznań 1,80 mln Ali Gholizadeh
63%
N Lech Poznań 2,30 mln Yannick Agnero
63%
ŚP Widzew Łódź 3,00 mln Emil Kornvig
61%
LO Legia Warszawa 2,30 mln Ruben Vinagre
61%
N Widzew Łódź 2,00 mln Andi Zeqiri
58%
ŚO Legia Warszawa 1,50 mln Kamil Piątkowski
55%
ŚPO/PS Lech Poznań 1,80 mln Patrik Wålemark
53%
ŚPO Raków Częstochowa 1,75 mln Tomasz Pieńko
39%
ŚP Legia Warszawa 1,50 mln Bartosz Slisz
37%
PS Raków Częstochowa 1,50 mln John Yeboah
13%
ŚPO/PS Raków Częstochowa 1,50 mln Bogdan Mirčetić
5%
Nie znaleziono quizów pasujących do podanych kryteriów
Rozkład punktacji
Procent ludzi z każdym wynikiem
Percentyl według liczby udzielonych odpowiedzi
Twoja historia wyników
Nie rozwiązałeś tego quizu